| 000 | 01140aam a2200289 4500 | ||
|---|---|---|---|
| 999 |
_c46613 _d46613 |
||
| 001 | 20262 | ||
| 003 | CO-MdFUSB | ||
| 005 | 20190202100242.0 | ||
| 008 | 170609t1997 xxud|||g |||| 00| 0 eng d | ||
| 020 | _a0-8006-2984-1 | ||
| 040 |
_aCO-MdFUSB _bspa _cCO-MdFUSB _dCO-MdFUSB _erda |
||
| 041 | _aeng | ||
| 082 |
_224 _aG 230 _bH251i |
||
| 100 | 1 |
_aHanson, Bradley C. _eautor |
|
| 245 | 0 | 0 |
_aIntroduction to Christian theology _c/ Bradley C. Hanson |
| 264 | 4 |
_aMinneapolis, Minnesota : _bFortress Press, _c©1997 |
|
| 300 | _a376 páginas | ||
| 336 |
_2rdacontent _atexto _btxt |
||
| 337 |
_2rdamedia _asin mediación _bn |
||
| 338 |
_2rdacarrier _avolumen _bnc |
||
| 501 | _aIncluye índice (p. 373-376) | ||
| 505 | 0 | 0 | _aFe y teología - Dios - ¿Es razonable la creencia en Dios? - Creación - Providencia y maldad - La persona de Jesucristo - La obra de reconciliación de Cristo - La iglesia - El Espiritú Santo y la salvación - Sacramentos y prácticas devocionales - El cristianismo y otras religiones - La escatología |
| 563 | _aRústico | ||
| 650 | 7 |
_aTeología doctrinal _2 _9179 |
|
| 942 | _cBK | ||